000 00207 a2200097 4500
001 11940
100 _aAdams, M.
245 _aEvolution or eseplosion
260 _a
_bDodd Mead & co
_c
090 _c9194
_d9194
942 _aNUST-CAE
_cM
_c36038
999 _c247013
_d247013